Missing Word: J. J. Abrams Quiz Stats

 Plays Quiz Updated Jan 17, 2018

Challenge
Share
Tweet
Embed
Score 0/15 Timer 03:00
0 Plays Today
Title Missing Word % Correct
____ TrekStar
98.4%
____: Impossible IIIMission
97.6%
Six ____ of SeparationDegrees
92.3%
Star Wars: The ____ JediLast
90.7%
Star Wars: The Force ____Awakens
88.4%
____ Fishin'Gone
83.7%
Taking Care of ____Business
70.5%
Mission: Impossible – Rogue ____Nation
62.9%
Title Missing Word % Correct
Forever ____Young
60%
Regarding ____Henry
55.9%
10 ____ LaneCloverfield
45.5%
The Cloverfield ____Paradox
38.5%
____ GloryMorning
35.9%
Joy ____Ride
30.5%
Star Trek ____ Beyond
14.8%

Today's Daily Dose

You're not logged in!

Compare scores with friends on all Sporcle quizzes.
OR
Log In

You Might Also Like...

Show Comments

Extras

Top Quizzes Today


Score Distribution

Your Account Isn't Verified!

In order to create a playlist on Sporcle, you need to verify the email address you used during registration. Go to your Sporcle Settings to finish the process.

Report this User

Report this user for behavior that violates our Community Guidelines.

Details: